[Event "Florianopolis Autumn op"]
[Site "Florianopolis"]
[Date "2024.04.13"]
[Round "3"]
[White "Kayser, Gustavo Warmling"]
[Black "Bueno, Alfeu Varela Jr"]
[Result "1/2-1/2"]
[WhiteElo "2037"]
[BlackElo "2140"]
[PlyCount "74"]
[EventDate "2024.04.12"]
[EventType "swiss"]
[EventRounds "6"]
[EventCountry "BRA"]
[SourceTitle "CB18_2024"]
[SourceDate "2024.05.01"]
[SourceVersion "1"]
[SourceVersionDate "2024.05.01"]
[SourceQuality "2"]

1. e4 e6 2. d4 d5 3. Nd2 Nf6 4. e5 Nfd7 5. Bd3 c5 6. c3 Nc6 7. Ngf3 cxd4 8. cxd4 f6 9. exf6 Nxf6 10. 0-0 Bd6 11. Re1 0-0 12. Nf1 a6 13. Ng3 Qc7 14. b3 e5 15. dxe5 Nxe5 16. Be2 Neg4 17. Bb2 Bf4 18. Bd4 Bd7 19. Bd3 Ne4 20. Nxe4 dxe4 21. Bxe4 Bxh2+ 22. Kh1 Bf4 23. Bd5+ Kh8 24. Bxg7+ Kxg7 25. Qd4+ Nf6 26. Re7+ Kh8 27. Bf7 Qd6 28. Rxd7 Qxd4 29. Rxd4 Bh6 30. Bd5 Ra7 31. a4 Bg7 32. Ra2 Nxd5 33. Rxd5 b6 34. Rc2 Rb7 35. Rc6 Rfb8 36. Rdd6 Bf8 37. Re6 Bc5 1/2-1/2

[Event "Florianopolis Autumn op"]
[Site "Florianopolis"]
[Date "2024.04.13"]
[Round "2"]
[White "Kayser, Gustavo Warmling"]
[Black "Marques Junior, Marcos Antonio"]
[Result "1-0"]
[WhiteElo "2037"]
[BlackElo "1887"]
[PlyCount "69"]
[EventDate "2024.04.12"]
[EventType "swiss"]
[EventRounds "6"]
[EventCountry "BRA"]
[SourceTitle "CB18_2024"]
[SourceDate "2024.05.01"]
[SourceVersion "1"]
[SourceVersionDate "2024.05.01"]
[SourceQuality "2"]

1. e4 e5 2. Nf3 Nf6 3. d4 Nxe4 4. Bd3 d5 5. Nxe5 Nd7 6. Nxd7 Bxd7 7. 0-0 Bd6 8. c4 c6 9. Nc3 Nxc3 10. bxc3 dxc4 11. Re1+ Kf8 12. Bxc4 Qf6 13. Re3 Qg6 14. a4 Re8 15. a5 h5 16. Qb3 c5 17. Rxe8+ Bxe8 18. Be3 cxd4 19. cxd4 h4 20. Bd5 Rh5 21. Qxb7 Bxh2+ 22. Kxh2 Qd6+ 23. Kg1 Qxd5 24. Qxa7 Bc6 25. Qb8+ Ke7 26. Qc7+ Kf8 27. Qc8+ Ke7 28. Qh3 f5 29. Rc1 Qe4 30. Rc5 Bd5 31. Bd2 Qxd4 32. Qa3 Ke6 33. Rc7 Qf6 34. Qe3+ Kd6 35. Qb6+ 1-0

[Event "Florianopolis Autumn op"]
[Site "Florianopolis"]
[Date "2024.04.12"]
[Round "1"]
[White "Lima, Darcy Gustavo Macha"]
[Black "Kayser, Gustavo Warmling"]
[Result "1-0"]
[WhiteElo "2369"]
[BlackElo "2037"]
[PlyCount "81"]
[EventDate "2024.04.12"]
[EventType "swiss"]
[EventRounds "6"]
[EventCountry "BRA"]
[SourceTitle "CB18_2024"]
[SourceDate "2024.05.01"]
[SourceVersion "1"]
[SourceVersionDate "2024.05.01"]
[SourceQuality "2"]

1. c4 Nf6 2. g3 c5 3. Bg2 d5 4. cxd5 Nxd5 5. Nc3 Nc7 6. Qb3 Nc6 7. Bxc6+ bxc6 8. Qa4 e6 9. Qxc6+ Bd7 10. Qe4 Bd6 11. Nf3 0-0 12. d3 Rb8 13. Qh4 Be7 14. Qh5 Bc6 15. 0-0 g6 16. Qe5 Bxf3 17. exf3 f6 18. Qe2 Rf7 19. f4 Bf8 20. Be3 Rd7 21. Ne4 Rd5 22. Rac1 Na6 23. Rfd1 Rb6 24. a3 f5 25. Nc3 Rd7 26. Na4 Rc6 27. b4 c4 28. d4 Nc7 29. Nc5 Bxc5 30. dxc5 Rd3 31. Rd2 Ra6 32. Rxc4 Raxa3 33. Rd4 Ra1+ 34. Kg2 Qa8+ 35. Kh3 Rxd2 36. Rxd2 Qc8 37. Bd4 Rb1 38. Qe5 Ne8 39. Qh8+ Kf7 40. Qxh7+ Kf8 41. Bg7+ 1-0

[Event "Florianopolis op-A"]
[Site "Florianopolis"]
[Date "2023.09.24"]
[Round "5"]
[White "Kayser, Gustavo Warmling"]
[Black "Federzoni, Enzo"]
[Result "0-1"]
[WhiteElo "1980"]
[BlackElo "2157"]
[PlyCount "114"]
[EventDate "2023.09.22"]
[EventType "swiss"]
[EventRounds "6"]
[EventCountry "BRA"]
[SourceTitle "EXT 2024"]
[Source "ChessBase"]
[SourceDate "2023.10.10"]
[SourceVersion "1"]
[SourceVersionDate "2023.10.10"]
[SourceQuality "1"]

1. e4 c5 2. Nf3 d6 3. d4 cxd4 4. Nxd4 Nf6 5. Nc3 a6 6. h3 e6 7. g4 h6 8. Bg2 Be7 9. Be3 Nc6 10. Qd2 Nxd4 11. Qxd4 e5 12. Qd2 b5 13. a4 b4 14. Nd5 Nxd5 15. exd5 a5 16. 0-0 f5 17. f4 e4 18. Bd4 0-0 19. Kh1 Bf6 20. gxf5 Bxf5 21. Rae1 Qd7 22. Kh2 Qxa4 23. Bxf6 Rxf6 24. Bxe4 Rc8 25. Rf2 Qa2 26. Qd3 Bxe4 27. Qxe4 Qxb2 28. Rg2 Rf7 29. Reg1 Qf6 30. Qe6 Qxe6 31. dxe6 Re7 32. f5 Rf8 33. Rd2 Rxf5 34. Rxd6 Re5 35. Ra1 R7xe6 36. Rxe6 Rxe6 37. Rxa5 Re2+ 38. Kg3 Rxc2 39. Rb5 Rc4 40. Rb7 g5 41. Kf3 Rh4 42. Kg2 Kf8 43. Kh2 Ke8 44. Kg3 Kd8 45. Kg2 Kc8 46. Rb5 Kc7 47. Kg3 Kc6 48. Rb8 Kc5 49. Rc8+ Kb5 50. Rb8+ Kc4 51. Rc8+ Kb3 52. Rc6 Kb2 53. Ra6 b3 54. Rb6 Kc2 55. Rc6+ Kb1 56. Rb6 b2 57. Rb7 Kc2 0-1

[Event "Florianopolis op-A"]
[Site "Florianopolis"]
[Date "2023.09.23"]
[Round "4"]
[White "Spritzer, Abrao Rafael"]
[Black "Kayser, Gustavo Warmling"]
[Result "0-1"]
[WhiteElo "1884"]
[BlackElo "1980"]
[PlyCount "52"]
[EventDate "2023.09.22"]
[EventType "swiss"]
[EventRounds "6"]
[EventCountry "BRA"]
[SourceTitle "EXT 2024"]
[Source "ChessBase"]
[SourceDate "2023.10.10"]
[SourceVersion "1"]
[SourceVersionDate "2023.10.10"]
[SourceQuality "1"]

1. e4 c5 2. c3 d5 3. exd5 Qxd5 4. Nf3 Bg4 5. d4 Nf6 6. c4 Qe4+ 7. Be3 cxd4 8. Bd3 Qc6 9. Bxd4 e6 10. 0-0 Bxf3 11. Qxf3 Qxf3 12. gxf3 Nc6 13. Bc3 0-0-0 14. Rd1 Nh5 15. Na3 Nf4 16. Bf1 Bxa3 17. bxa3 e5 18. c5 Nd4 19. Bxd4 Rxd4 20. Re1 f6 21. Rab1 Kc7 22. Rec1 Rhd8 23. c6 b6 24. Rb4 Rd1 25. Rxd1 Rxd1 26. Rc4 Rd2 0-1

[Event "Florianopolis op-A 04"]
[Site "Florianopolis"]
[Date "2023.04.29"]
[Round "2"]
[White "Menna Barreto, Luiz Ney"]
[Black "Kayser, Gustavo Warmling"]
[Result "1-0"]
[WhiteElo "2226"]
[BlackElo "1972"]
[PlyCount "97"]
[EventDate "2023.04.28"]
[EventType "swiss"]
[EventRounds "6"]
[EventCountry "BRA"]
[SourceTitle "CBM 214 Extra"]
[Source "ChessBase"]
[SourceDate "2023.07.31"]
[SourceVersion "1"]
[SourceVersionDate "2023.07.31"]
[SourceQuality "1"]

1. Nf3 Nf6 2. c4 e6 3. d4 d5 4. Nc3 Be7 5. Bg5 0-0 6. e3 Nbd7 7. Rc1 c6 8. a3 dxc4 9. Bxc4 b5 10. Bd3 Qa5 11. 0-0 Re8 12. e4 h6 13. Bh4 a6 14. e5 Nd5 15. Bxe7 Nxe7 16. Ne4 Qb6 17. Qe2 Nf5 18. Rfd1 Rd8 19. Bb1 Nf8 20. Nc5 a5 21. Qe4 b4 22. a4 Ba6 23. Nxa6 Rxa6 24. Bd3 Ra7 25. Rxc6 Qb7 26. Rc5 Qd7 27. Bb5 Qe7 28. Rdc1 g6 29. g3 Kg7 30. Kg2 h5 31. h4 Nh7 32. Rc8 Qf8 33. Qc6 Qe7 34. Qb6 Rxc8 35. Rxc8 Nh6 36. b3 Ng4 37. Qd6 Qb7 38. Qc6 Nf8 39. Qxb7 Rxb7 40. Ra8 Rc7 41. Bc4 Nd7 42. Rxa5 Nb6 43. Nd2 Rd7 44. Rb5 Nxc4 45. Nxc4 Rxd4 46. a5 Rd7 47. Rxb4 Kf8 48. a6 Ra7 49. Ra4 1-0

[Event "Florianopolis Autumn op U2300"]
[Site "Florianopolis"]
[Date "2022.05.14"]
[Round "4"]
[White "Volkmann, Andre Jordi"]
[Black "Kayser, Gustavo Warmling"]
[Result "1-0"]
[WhiteElo "2087"]
[BlackElo "1973"]
[PlyCount "35"]
[EventDate "2022.05.13"]
[EventType "swiss"]
[EventRounds "6"]
[EventCountry "BRA"]
[SourceTitle "CBM 208 Extra"]
[Source "ChessBase"]
[SourceDate "2022.07.31"]
[SourceVersion "1"]
[SourceVersionDate "2022.07.31"]
[SourceQuality "1"]

1. Nf3 Nf6 2. b3 d5 3. Bb2 Bf5 4. e3 e6 5. d4 Bd6 6. Bd3 Ne4 7. 0-0 g5 8. Ne5 Bg6 9. f3 Nf6 10. c4 c6 11. e4 Bc7 12. Nxg6 hxg6 13. e5 Nfd7 14. f4 Nb6 15. Qf3 gxf4 16. Qxf4 Qe7 17. Ba3 Qd7 18. Bxg6 1-0

[Event "Florianopolis Autumn op U2300"]
[Site "Florianopolis"]
[Date "2022.05.13"]
[Round "1"]
[White "Mariano, Kaiki Pereira"]
[Black "Kayser, Gustavo Warmling"]
[Result "0-1"]
[WhiteElo "1526"]
[BlackElo "1973"]
[PlyCount "65"]
[EventDate "2022.05.13"]
[EventType "swiss"]
[EventRounds "6"]
[EventCountry "BRA"]
[SourceTitle "CBM 208 Extra"]
[Source "ChessBase"]
[SourceDate "2022.07.31"]
[SourceVersion "1"]
[SourceVersionDate "2022.07.31"]
[SourceQuality "1"]

1. e4 e5 2. Nf3 Nc6 3. Bc4 Bc5 4. 0-0 Nf6 5. d3 0-0 6. c3 d6 7. a4 a5 8. h3 h6 9. Nbd2 Bb6 10. Re1 Ne7 11. Nf1 Ng6 12. Be3 c6 13. Bxb6 Qxb6 14. Qb3 Qd8 15. Ng3 Nf4 16. Ne2 N6h5 17. Nxf4 Nxf4 18. Re3 Qf6 19. Nh2 Qg6 20. g4 Qf6 21. Qd1 d5 22. exd5 cxd5 23. Bb5 Qh4 24. Qf3 d4 25. cxd4 exd4 26. Qxf4 dxe3 27. Qxe3 Be6 28. f4 Rac8 29. f5 Bd5 30. Bc4 Bxc4 31. dxc4 Rxc4 32. Qd3 Rfc8 33. Re1 0-1